Etica mínima: introducción a la filosofía práctica

Uloženo v:
Podrobná bibliografie
Hlavní autor: Cortina Orts, Adela (Autor)
Médium: Kniha
Jazyk:španělština
Vydáno: Madrid Tecnos 2000
Vydání:6a. ed
Témata:
Tagy: Přidat tag
Žádné tagy, Buďte první, kdo vytvoří štítek k tomuto záznamu!

MARC

LEADER 00000nam a2200000 a 4500
001 UCM4265
003 CL-VaPUC
008 020809e20000000SP |||||||||||||||||spa|d
082 0 4 |a 170  |b COR  |2 21 
100 0 |a Cortina Orts, Adela  |e author  |9 470786 
245 1 0 |a Etica mínima: introducción a la filosofía práctica 
250 |a 6a. ed 
300 |a 294 p 
942 |c BK 
945 |d 20020809 00:00:00  |a vberengu 
260 |a Madrid  |b Tecnos  |c 2000 
650 0 |a Ética  |9 255099 
650 0 |a Filosofía moral   |9 310115 
650 7 |a FILOSOFIA PRACTICA  |2 CL-VaPUC  |9 330862 
650 7 |a ETICA Y POLITICA  |2 CL-VaPUC  |9 470468 
583 |a last modification  |c 20020809 00:00:00  |k Rodrigo Vera 
999 |c 301054  |d 301052 
952 |0 0  |1 0  |4 0  |6 170_000000000000000_COR_2000  |7 0  |8 A  |9 359703  |a BIBTEO  |b BIBTEO  |d 2019-11-21  |i 3835537  |l 2  |m 1  |o 170 COR 2000  |p 3835537  |r 2025-04-29  |s 2025-04-14  |w 2019-11-21  |y BK  |k ICR